LEADER 01333nam a2200289 4500 001 000000357833 003 CaOOAMICUS 005 20240507163149.0 008 240403s2023 po a 000 u por r 020 $a978-972-27-3011-2 040 $aSeMil$bita 245 00$aLendas de Santos / $cedição de Anna Luisa Bauer e Eliane Hosokawa Imayuki. 264 1$aLisboa :$bImprensa Nacional,$c2023. 300 $a465 p. :$bill. ;$c25 cm 490 1 $aEdição crítica das obras de Eça de Queirós 650 04$aEça de Queiroz <1845-1900> - Opere - Studi.$0(OLS)http://semarc/subject/55632 700 1 $aImayuki, Eliane Hosokawa.$0(OLS)http://semarc/name/119483 700 1 $aQueiróz, José Maria Eça : de,$d<1845-1900>.$0(OLS)http://semarc/name/60679 700 1 $aBauer, Anna Luisa.$0(OLS)http://semarc/name/119482 830 0$aEdição crítica das obras de Eça de Queirós.$0(OLS)http://semarc/title/448119 850 $aSeMil 852 $aSeMil$W1$xVenegono$y1$m1R VI 25$j249669$B248997$CSeMilBibl$Z2$F248997 $81 961 $aPerego don Stefano - Omaggio 996 $6020$a978-972-27-3011-2$9(OLS)http://semarc/number/300132 996 $6245$aLendas de Santos / $9(OLS)http://semarc/title/448118 996 $6264$aLisboa :$bImprensa Nacional$9(OLS)http://semarc/publisher/61675 LEADER 01075nam a2200253 4500 001 000000342378 003 CaOOAMICUS 005 20201013095316.0 008 200930s2003 it 000 u ita r 020 $a88-7357-317-7 040 $aSeMil$bita 100 1 $aGalot, Jean,$c.$0(OLS)http://semarc/name/4876 245 10$aAl centro dell'amore :$bil mistero del cuore di Gesù /$cJean Galot. 264 1$aRoma :$bAdP,$c2003. 300 $a243 p. ;$c21 cm 650 4$aGesù Cristo - Amore.$0(OLS)http://semarc/subject/5603 650 4$aSacro Cuore di Gesù.$0(OLS)http://semarc/subject/131 830 0$aStudi sul cuore di Cristo ;$v15.$0(OLS)http://semarc/title/12670 850 $aSeMil 852 $aSeMil$W1$xVenegono$y1$m2B II 556$j222528$B233514$CSeMilBibl$Z2$F233514 $81 996 $6020$a88-7357-317-7$9(OLS)http://semarc/number/291370 996 $6245$aAl centro dell'amore :$bil mistero del cuore di Gesù$9(OLS)http://semarc/title/431220 996 $6264$aRoma :$bAdP$9(OLS)http://semarc/publisher/32136